000 00299nam a22001337a 4500
008 171218b xxu||||| |||| 00| 0 eng d
020 _a071009005990
041 _aeng
080 _a038
100 _a23
101 _aFJA
245 _aROGET'S 21ST CENTURY THESAURUS
_cKIPFER,B.A
942 _2udc
_cBK
999 _c39051
_d39051